000 00447nam a2200181Ia 4500
005 20240913130048.0
008 240913s9999||||xx |||||||||||||| ||und||
041 _aENGLISH
082 _A150 Q8
100 _aPsychology
245 0 _aIntroduction to Psychology
250 _a7th
260 _c2018
_bMcGraw Hill Education Private Li
500 _aREFERENCE
650 _aPsychology
_bAllied Health Science
942 _cREF
999 _c246879
_d246879